Beste 2. Bundesliga Absteiger - Statistiken

Allgemein
  • Dieses Quiz wurde 13 mal gespielt
  • Das Durchschnittsergebnis liegt bei 7 aus 20
Antwortstatistiken
Platz Saison Verein Punkte; (TD) % Korrekt
2. 1981/82 TSV 1860 München 64; (+31)
85%
19. 1994/95 1. FC Saarbrücken 46; (+2)
77%
7. 1992/93 Eintracht Braunschweig 56; (-8)
69%
20. 1990/91 Rot-Weiss Essen 46; (-3)
62%
14. 1980/81 Preußen Münster 50; (-24)
54%
15. 1988/89 Kickers Offenbach 49; (-2)
46%
10. 1980/81 FC 08 Homburg 52; (-3)
38%
4. 1978/79 FC St. Pauli 59; (+7)
38%
5. 1992/93 SpVgg Unterhaching 57; (-9)
38%
1. 1980/81 SSV Ulm 1846 65; (+20)
38%
8. 1992/93 VfL Osnabrück 55; (-9)
38%
18. 1980/81 Rot-Weiß Oberhausen 47; (-25)
31%
16. 1975/76 1. FSV Mainz 05 48; (-11)
23%
6. 1980/81 Eintracht Trier 56; (+4)
15%
17. 1976/77 Bonner SC 47; (-19)
8%
13. 1979/80 DSC Wanne-Eickel 51; (-8)
8%
9. 1980/81 SC Viktoria Köln 55; (-12)
8%
12. 1980/81 VfR Bürstadt 52; (-12)
8%
11. 1980/81 1. FC Bocholt 52; (-4)
0%
3. 1978/79 Westfalia Herne 59; (+18)
0%
Keine übereinstimmenden Quizze gefunden
Verteilung der Resultate
Anzahl Personen mit jedem Resultat
Perzentil nach korrekt beantworteten Fragen
Ihre Resultats-Entwicklung
Sie haben dieses Quiz noch nicht gespielt